书目信息 |
| 题名: |
历史悠久的海洋文明
|
|
| 作者: | 谢宇 主编 | |
| 分册: | ||
| 出版信息: | 北京 原子出版社 2004.2 |
|
| 页数: | 281页 | |
| 开本: | 21cm | |
| 丛书名: | 走进神奇的海洋丛书 | |
| 单 册: | ||
| 中图分类: | P7-49 | |
| 科图分类: | ||
| 主题词: | 海洋--文化--普及读物 , 海洋 , 文化 | |
| 电子资源: | ||
| ISBN: | 7-5022-3118-8 | |
| 000 | 00841nam2 2200277 45 | |
| 001 | 012004000000 | |
| 005 | 20041011091517.63 | |
| 010 | @a7-5022-3118-8@dCNY 21.60 | |
| 100 | @a20040413d2004 em y0chiy0121 ea | |
| 101 | 0 | @achi |
| 102 | @aCN@b110000 | |
| 105 | @aa z 000yy | |
| 200 | 1 | @a历史悠久的海洋文明@Ali shi you jiu de hai yang wen ming@f谢宇主编 |
| 210 | @a北京@c原子出版社@d2004.2 | |
| 215 | @a281页@c图@d21cm | |
| 225 | 2 | @a走进神奇的海洋丛书@f谢宇主编@v1 |
| 310 | @a全十三册, 总定价280.80 | |
| 330 | @a本书内容: 海洋的起源; 海洋文明的起源与发展; 生命的摇篮; 在辽阔的大洋上...... | |
| 410 | 0 | @12001 @a走进神奇的海洋丛书 |
| 606 | 0 | @a海洋@x文化@j普及读物 |
| 606 | 0 | @a海洋 |
| 606 | 0 | @a文化 |
| 690 | @aP7-49@v4 | |
| 701 | 0 | @a谢宇@Aixe yu@4主编 |
| 801 | 0 | @aCN@bQSSKxf@c20041011 |
| 905 | @a10447@dP7-49@eX4893 | |
| 历史悠久的海洋文明/谢宇主编.-北京:原子出版社,2004.2 |
| 281页:图;21cm.-(走进神奇的海洋丛书/谢宇主编;1) |
| ISBN 7-5022-3118-8:CNY 21.60 |
| 本书内容: 海洋的起源; 海洋文明的起源与发展; 生命的摇篮; 在辽阔的大洋上...... |
| ● |
| 相关链接 |
|
|
|
正题名:历史悠久的海洋文明
索取号:P7-49/X4893
 
预约/预借
| 序号 | 登录号 | 条形码 | 馆藏地/架位号 | 状态 | 备注 |
| 1 | 398985 | 203989853 | 自科库401/401自科库 134排1列5层/ [索取号:P7-49/X4893] | 在馆 | |
| 2 | 398986 | 203989862 | 社科二线400B/400B社科库 9排2列1层/ [索取号:P7-49/X4893] | 在馆 | |
| 3 | 398987 | 203989871 | 期刊室512/401自科库 130排1列2层/ [索取号:P7-49/X4893] | 在馆 |